000 00258nam a2200097Ia 4500
005 20251222114346.0
008 251222s1900||||xx |||||||||||||| ||spa||
082 _aDVD0070/D51/1950
245 0 _aDios necesita de los hombres:Dieu A Besoin Des Hommes
942 _cDVD
999 _c1059
_d1059